Brexit – the Visegrad Countries' Perspective
Možné implikácie Brexitu pre krajiny V4 z pohľadu zahraničného obchodu a trhu práce. Identifikácia dopadu Brexitu v krajinách V4 z hľadiska zahraničného obchodu, pridanej hodnoty a zamestnanosti. Krajiny V4, patriace do skupiny krajín so stredným rizikom v spojitosti s Brexitom. Medzi najviac ohroze...
Enregistré dans:
| Auteur principal: | |
|---|---|
| Autres auteurs: | , |
| Format: | Chapitre de livre |
| Langue: | anglais |
| Sujets: | |
| Tags: |
Pas de tags, Soyez le premier à ajouter un tag!
|
MARC
| LEADER | 00000naa a2200000 4500 | ||
|---|---|---|---|
| 001 | 0261042 | ||
| 005 | 20250312092348.3 | ||
| 041 | 0 | |a eng | |
| 044 | |a SK | ||
| 245 | 1 | 0 | |a Brexit – the Visegrad Countries' Perspective |c Gabriela Dováľová, Boris Hošoff, Erika Majzlíková |
| 520 | |a Možné implikácie Brexitu pre krajiny V4 z pohľadu zahraničného obchodu a trhu práce. Identifikácia dopadu Brexitu v krajinách V4 z hľadiska zahraničného obchodu, pridanej hodnoty a zamestnanosti. Krajiny V4, patriace do skupiny krajín so stredným rizikom v spojitosti s Brexitom. Medzi najviac ohrozené patrí strojársky, automobilový, a elektrotechnický priemysel. Dôležitosť Spojeného kráľovstva ako obchodného partnera pre krajiny V4. | ||
| 610 | 2 | 0 | |a Vyšehradská štvorka |
| 610 | 2 | 0 | |a Veľká Británia |
| 610 | 2 | 0 | |a obchod zahraničný |
| 610 | 2 | 0 | |a zamestnanosť |
| 610 | 2 | 0 | |a priemysel |
| 610 | 2 | 0 | |a trh práce |
| 610 | 2 | 0 | |a hodnota pridaná |
| 100 | 1 | |a Dováľová, Gabriela, 1982- | |
| 700 | 1 | |a Hošoff, Boris | |
| 700 | 1 | |a Majzlíková, Erika, 1993- | |